Capitals of the World - Statistics

General Stats
  • This quiz has been taken 19,266 times
  • The average score is 134 of 196
Answer Stats
capital % Correct
London
91%
Berlin
90%
Paris
90%
Madrid
88%
Oslo
88%
Lisbon
87%
Moscow
87%
Rome
87%
Washington
87%
Helsinki
86%
Stockholm
86%
Amsterdam
85%
Dublin
85%
Athens
84%
Bern
84%
Brussels
84%
Budapest
84%
Copenhagen
84%
Vatican City
84%
Beijing
83%
Brasília
83%
Bucharest
83%
Canberra
82%
Ottawa
82%
Vienna
82%
Warsaw
82%
Andorra la Vella
81%
Buenos Aires
81%
Mexico City
81%
Prague
81%
Riga
81%
Tokyo
81%
Cairo
80%
Reykjavik
80%
San Marino
80%
Kiev
79%
Lima
79%
Luxembourg
79%
Minsk
79%
Monaco
79%
Wellington
79%
Zagreb
79%
Belgrade
78%
Bogotá
78%
Bratislava
78%
Caracas
78%
New Delhi
78%
Santiago
78%
Sofia
78%
Vilnius
78%
Ankara
77%
Cape Town
77%
Montevideo
77%
Seoul
77%
Vaduz
77%
Tirana
76%
Jerusalem
75%
Ljubljana
75%
Quito
75%
Sarajevo
75%
Tallinn
75%
Valletta
75%
Baghdad
74%
Georgetown
74%
Islamabad
74%
Jakarta
74%
La Paz
74%
Panama City
74%
Pyongyang
74%
Asunción
73%
Tehran
73%
Algiers
72%
Bangkok
72%
Hanoi
72%
Havana
72%
Kingston
72%
Podgorica
72%
Pristina
72%
Skopje
72%
Chișinău
71%
Guatemala City
71%
Port-au-Prince
71%
Tunis
71%
Abu Dhabi
70%
Baku
70%
Kabul
70%
Kuala Lumpur
70%
Rabat
70%
Beirut
69%
Damascus
69%
Manila
69%
Nur-Sultan
69%
Singapore
69%
Addis Ababa
68%
Amman
68%
Dhaka
68%
Doha
68%
Paramaribo
68%
Port-of-Spain
68%
San José
68%
Ulaanbaatar
68%
Kathmandu
67%
Nicosia
67%
Riyadh
67%
San Salvador
67%
Tripoli
67%
Freetown
66%
Muscat
66%
Tashkent
66%
Tbilisi
66%
Yerevan
66%
Dili
65%
Nairobi
65%
Taipei
65%
Belmopan
64%
Dakar
64%
Kuwait City
64%
Nassau
64%
Port Moresby
64%
Santo Domingo
64%
Abuja
63%
Accra
63%
Ashgabat
63%
Bishkek
63%
Brazzaville
63%
Djibouti
63%
Kinshasa
63%
Managua
63%
Saint John's
63%
Sana'a
63%
Bridgetown
62%
Harare
62%
Juba
62%
Khartoum
62%
Luanda
62%
Suva
62%
Malé
61%
Manama
61%
Phnom Penh
61%
Vientiane
61%
Dushanbe
60%
Mogadishu
60%
Saint George's
60%
Tegucigalpa
60%
Victoria
60%
Windhoek
60%
Antananarivo
59%
Apia
59%
Asmara
59%
Kingstown
59%
Lusaka
59%
Thimphu
59%
Castries
58%
Colombo
58%
Kampala
58%
Kigali
58%
Libreville
58%
Lomé
58%
Maputo
58%
Port Louis
57%
Port Vila
57%
Bandar Seri Begawan
56%
Basseterre
56%
Dodoma
56%
Porto-Novo
56%
Roseau
56%
Bamako
55%
Bangui
55%
Banjul
55%
Monrovia
55%
Bissau
54%
Conakry
54%
Funafuti
54%
Niamey
54%
São Tomé
54%
Gaborone
53%
Maseru
53%
Mbabane
53%
Naypyidaw
53%
Ouagadougou
53%
Praia
53%
Yaren
53%
Honiara
52%
N'Djamena
52%
Yaoundé
52%
Lilongwe
51%
Yamoussoukro
51%
Gitega
50%
Majuro
50%
Malabo
50%
Moroni
50%
Nuku'alofa
50%
South Tarawa
50%
Nouakchott
49%
Palikir
49%
Ngerulmud
48%
No matching quizzes found
Score Distribution
Percent of People with Each Score
Percentile by Number Answered
Your Score History
You have not taken this quiz